[Event "GER-ch Schools U18 Girls"]
[Site "Germany"]
[Date "2009.05.16"]
[Round "3.2"]
[White "Knof, Henrike"]
[Black "Peschos, Celine"]
[Result "1-0"]
[WhiteElo "1362"]
[BlackElo "981"]
[PlyCount "57"]
[EventDate "2009.05.16"]
[EventType "team-swiss"]
[EventRounds "7"]
[EventCountry "GER"]
[SourceTitle "EXT 2011"]
[Source "ChessBase"]
[SourceDate "2010.11.26"]
[SourceVersion "1"]
[SourceVersionDate "2010.11.26"]
[SourceQuality "1"]
[WhiteTeam "Kiel MPS (W)"]
[BlackTeam "Magdeburg WvSG (W)"]
[WhiteTeamCountry "GER"]
[BlackTeamCountry "GER"]

1. e4 e5 2. Nf3 Nc6 3. Bc4 h6 4. d4 Nxd4 5. Nxd4 exd4 6. Qxd4 c5 7. Qd5 Qe7 8. Nc3 Nf6 9. Qd3 Qd6 10. Qxd6 Bxd6 11. f4 Bc7 12. e5 Ng4 13. h3 Ne3 14. Bxe3 d6 15. Nb5 Kd7 16. 0-0-0 a6 17. Nxc7 Kxc7 18. exd6+ Kd7 19. Bxc5 b5 20. Bxf7 Rf8 21. Bd5 Rb8 22. Rhf1 a5 23. f5 a4 24. Be6+ Kd8 25. Bxc8 Kxc8 26. d7+ Kd8 27. Bxf8 b4 28. Rfe1 a3 29. Re8+ 1-0

[Event "GER-ch Schools U18 Girls"]
[Site "Germany"]
[Date "2009.05.16"]
[Round "2.2"]
[White "Peschos, Celine"]
[Black "Danicka, Karolina"]
[Result "1-0"]
[WhiteElo "981"]
[BlackElo "800"]
[PlyCount "127"]
[EventDate "2009.05.16"]
[EventType "team-swiss"]
[EventRounds "7"]
[EventCountry "GER"]
[SourceTitle "EXT 2011"]
[Source "ChessBase"]
[SourceDate "2010.11.26"]
[SourceVersion "1"]
[SourceVersionDate "2010.11.26"]
[SourceQuality "1"]
[WhiteTeam "Magdeburg WvSG (W)"]
[BlackTeam "St Marien (W)"]
[WhiteTeamCountry "GER"]
[BlackTeamCountry "GER"]

1. e4 e5 2. Nf3 Nc6 3. d4 Nf6 4. dxe5 Nxe4 5. Bd3 Nc5 6. Be3 Nxd3+ 7. cxd3 d6 8. exd6 Bxd6 9. 0-0 0-0 10. Qc2 Nb4 11. Qc4 Bf5 12. d4 Bd3 13. Qc3 Bxf1 14. Kxf1 Qf6 15. a3 Nd5 16. Qd3 Nxe3+ 17. Qxe3 Rfe8 18. Qb3 c5 19. d5 Rac8 20. Nc3 c4 21. Qxb7 Qe7 22. Qb5 Rc5 23. Qa4 Be5 24. Re1 Qd6 25. Qxe8+ Qf8 26. Qxf8+ Kxf8 27. Rxe5 f6 28. Re2 g5 29. Nd4 Rc8 30. Ne6+ Kf7 31. Nd4 h5 32. f3 Re8 33. Rxe8 Kxe8 34. Nc6 a6 35. Ne4 f5 36. Nxg5 Kd7 37. Nb8+ Kd6 38. Nxa6 Kxd5 39. Nb4+ Kc5 40. Ke2 Kd4 41. Kd2 c3+ 42. bxc3+ Kc4 43. Kc2 f4 44. Ne6 h4 45. Nxf4 Kc5 46. g4 hxg3 47. hxg3 Kb5 48. g4 Kc5 49. g5 Kd6 50. a4 Ke5 51. g6 Kf5 52. g7 Kxf4 53. g8Q Kxf3 54. Qe6 Kf4 55. a5 Kf3 56. a6 Kf4 57. a7 Kf3 58. a8R Kf4 59. Rf8+ Kg5 60. Qf5+ Kh6 61. Qf1 Kg7 62. Rf2 Kh8 63. Rg2 Kh7 64. Qh1# 1-0